000 00955nam a2200253Ia 4500
003 OSt
005 20220923211636.0
006 a|||||r|||| 00| 0
007 ta
008 220922b |||||||| |||| 00| 0 hin d
024 _a38,426
037 _cTextual
040 _aARTS
_cARTS
_bhin
041 _2hin
_ahin
082 _aO15:gx, 152L3-;1 (TTPS) (EPS)
100 _aवेदकुमार; रामप्रताप
_9156299
245 0 _aसांस्कृतिक और साहित्यिक निबन्ध
246 _aSāanskṛutik aur sāhityik nibandha
260 _aवाराणसी
_b भारतीय विधा प्रकाशन
_c1973
300 _a166पृ.
_ccm.
650 _aहिन्दी साहित्य
_9156264
942 _hO15:gx, 152L3-;1 (TTPS) (EPS)
_cTEXL
_2CC
999 _c301945
_d301945